| 000 | 01186nam a22002777a 4500 | ||
|---|---|---|---|
| 005 | 20170324105948.0 | ||
| 008 | 140714b xxu||||| |||| 00| 0 Urdu d | ||
| 010 | _aUR-8536 B-548290-293 B-665935 | ||
| 020 |
_c200.00 _a9789381029305 |
||
| 035 | _aU-7091 B-548290-293 B-665935 | ||
| 037 | _bBPPD/Publishers/Venders | ||
| 037 | _bDBAD/Pub. | ||
| 037 | _bStar Pub.(Vend.)/Arshia Pub.(Pub.) | ||
| 040 |
_aDPL _bUrdu |
||
| 082 | _aن | ||
| 100 | _aشمو يل ا حمد | ||
| 245 |
_aمہا ما ر ی _cشمو يل ا حمد |
||
| 246 |
_aMahamari _bby Shamoel Ahmad |
||
| 260 |
_bArshia Publictions _bStar Publications.( Vender) _c2012 |
||
| 260 | _a4/5Asaf Ali Road,New Delhi-110002 | ||
| 270 |
_aA-170,Ground Floor, 3,Surya Apartment, Dilshad Colony, _b دھلی _e110095 _k9971775969 |
||
| 300 |
_a172ص _c22Cm(Pb) |
||
| 942 |
_2ddc _cUR _mش م و _hن |
||
| 999 |
_c87801 _d87801 |
||